[Event "Titled Tuesday intern op 03rd Sep Early"]
[White "Zienkiewicz, Jan"]
[Black "Shirov, Alexei"]
[Site "Chess.com INT"]
[Round "4"]
[Result "0-1"]
[Date "2024.09.03"]
[WhiteElo "2293"]
[BlackElo "2666"]
[PlyCount "60"]
[EventDate "2024.09.03"]
[EventType "swiss (blitz)"]
[EventRounds "11"]
[EventCountry "USA"]
[SourceTitle "EXT 2025"]
[Source "ChessBase"]
[SourceDate "2024.10.14"]
[SourceVersion "1"]
[SourceVersionDate "2024.10.14"]
[SourceQuality "1"]

1. e4 e5 2. Nf3 Nc6 3. Nc3 Nf6 4. d4 exd4 5. Nxd4 Nxe4 6. Nxe4 Qe7 7. Qd3 d5 8. Nxc6 bxc6 9. Bg5 Qxe4+ 10. Qxe4+ dxe4 11. Bc4 Bd6 12. 0-0-0 0-0 13. h3 Bf5 14. Rhe1 Rfe8 15. Be3 Be6 16. Bxe6 Rxe6 17. Rd4 f5 18. Rc4 Be5 19. Rd1 f4 20. Bc5 Bf6 21. Re1 Rae8 22. Bxa7 Ra8 23. Ra4 e3 24. fxe3 fxe3 25. Ra3 e2 26. g3 Bg5+ 27. Kb1 Bd2 28. Bf2 Rxa3 29. bxa3 Bxe1 30. Bxe1 Rd6 0-1

[Event "Titled Tuesday intern op 03rd Sep Early"]
[White "Zienkiewicz, Jan"]
[Black "Weetik, Vjacheslav"]
[Site "Chess.com INT"]
[Round "6"]
[Result "0-1"]
[Date "2024.09.03"]
[WhiteElo "2293"]
[BlackElo "2423"]
[PlyCount "44"]
[EventDate "2024.09.03"]
[EventType "swiss (blitz)"]
[EventRounds "11"]
[EventCountry "USA"]
[SourceTitle "EXT 2025"]
[Source "ChessBase"]
[SourceDate "2024.10.14"]
[SourceVersion "1"]
[SourceVersionDate "2024.10.14"]
[SourceQuality "1"]

1. e4 c5 2. Nf3 d6 3. d4 cxd4 4. Nxd4 Nf6 5. Nc3 a6 6. a3 e6 7. g3 Be7 8. Bg2 0-0 9. 0-0 Qc7 10. Re1 Nc6 11. Nxc6 bxc6 12. e5 dxe5 13. Qe2 Nd7 14. Be3 a5 15. Rad1 Rb8 16. Bc1 f5 17. Qc4 Nc5 18. Rxe5 Qxe5 19. Bf4 Ba6 20. Qxa6 Qxf4 21. Qxc6 Qh6 22. Qc7 Qf6 0-1

[Event "Titled Tuesday intern op 27th Aug Late"]
[White "Pakleza, Zbigniew"]
[Black "Zienkiewicz, Jan"]
[Site "Chess.com INT"]
[Round "8"]
[Result "0-1"]
[Date "2024.08.27"]
[WhiteElo "2483"]
[BlackElo "2302"]
[PlyCount "98"]
[EventDate "2024.08.27"]
[EventType "swiss (blitz)"]
[EventRounds "11"]
[EventCountry "USA"]
[SourceTitle "EXT 2025"]
[Source "ChessBase"]
[SourceDate "2024.10.14"]
[SourceVersion "1"]
[SourceVersionDate "2024.10.14"]
[SourceQuality "1"]

1. d4 Nf6 2. Nf3 e6 3. Bf4 d5 4. e3 c5 5. c3 Nc6 6. Nbd2 Nh5 7. Be5 f6 8. Bg3 Nxg3 9. hxg3 cxd4 10. cxd4 Bd6 11. Bd3 f5 12. g4 fxg4 13. Bxh7 gxf3 14. Qxf3 Kd7 15. 0-0-0 Qf6 16. Qe2 Kc7 17. f4 Bd7 18. a3 Rac8 19. Nf3 Kb8 20. Kb1 Na5 21. Bd3 Ba4 22. Rxh8 Rxh8 23. Rc1 Qe7 24. g4 Rc8 25. Rxc8+ Kxc8 26. Qh2 b6 27. Ng5 Kb7 28. Qh8 Bd7 29. Qg8 Nc4 30. Bxc4 dxc4 31. Qh7 c3 32. bxc3 Bxa3 33. Qe4+ Kb8 34. Kc2 Bd6 35. Kd3 a5 36. Qh7 a4 37. c4 a3 38. Qh1 Qe8 39. Qb1 Kc7 40. Ne4 Qg6 41. c5 bxc5 42. f5 exf5 43. Nxd6 Qxd6 44. Qb3 cxd4 45. exd4 fxg4 46. Qc3+ Bc6 47. Qa5+ Kd7 48. Qa7+ Qc7 49. Qxa3 Qg3+ 0-1

[Event "Titled Tuesday intern op 27th Aug Late"]
[White "Postny, Evgeny"]
[Black "Zienkiewicz, Jan"]
[Site "Chess.com INT"]
[Round "7"]
[Result "0-1"]
[Date "2024.08.27"]
[WhiteElo "2577"]
[BlackElo "2302"]
[PlyCount "114"]
[EventDate "2024.08.27"]
[EventType "swiss (blitz)"]
[EventRounds "11"]
[EventCountry "USA"]
[SourceTitle "EXT 2025"]
[Source "ChessBase"]
[SourceDate "2024.10.14"]
[SourceVersion "1"]
[SourceVersionDate "2024.10.14"]
[SourceQuality "1"]

1. Nf3 Nf6 2. c4 g6 3. Nc3 Bg7 4. e4 d6 5. d4 0-0 6. h3 c5 7. d5 e6 8. Bd3 exd5 9. exd5 Re8+ 10. Be3 Bh6 11. 0-0 Bxe3 12. fxe3 Rxe3 13. Qd2 Re8 14. Ng5 Nbd7 15. Qf4 Ne5 16. Qxf6 Qxf6 17. Rxf6 Nxd3 18. Rxd6 Nxb2 19. Nce4 Kg7 20. Rf6 Rf8 21. g4 h6 22. Nf3 Nxc4 23. Rc1 b5 24. Rc6 Bb7 25. Rxc5 Nb6 26. Rxb5 Bxd5 27. Ned2 Rfd8 28. Ra5 Rd7 29. Ne5 Re7 30. Nef3 Rd8 31. Re1 Rc7 32. h4 Be6 33. g5 hxg5 34. hxg5 Rd3 35. Re2 Bg4 36. Rf2 Bxf3 37. Nxf3 Nc4 38. Ra4 Ne3 39. Ne5 Rd1+ 40. Kh2 Re7 41. Raf4 Nf5 42. Ng4 Re8 43. Nf6 Rh8+ 44. Kg2 Rhh1 45. Re4 Rdg1+ 46. Kf3 Rh3+ 47. Ke2 Ng3+ 48. Kd3 Nxe4+ 49. Kxe4 Rxg5 50. Ne8+ Kf8 51. Nf6 Rf5 52. Nd7+ Kg7 53. Rd2 Rh4+ 54. Ke3 Ra5 55. Kf3 Rha4 56. Rd6 Rxa2 57. Nf6 Rf5+ 0-1

[Event "Titled Tuesday intern op 27th Aug Late"]
[White "Zienkiewicz, Jan"]
[Black "Kovacevic, Radmila"]
[Site "Chess.com INT"]
[Round "1"]
[Result "1-0"]
[Date "2024.08.27"]
[WhiteElo "2302"]
[BlackElo "2062"]
[PlyCount "45"]
[EventDate "2024.08.27"]
[EventType "swiss (blitz)"]
[EventRounds "11"]
[EventCountry "USA"]
[SourceTitle "EXT 2025"]
[Source "ChessBase"]
[SourceDate "2024.10.14"]
[SourceVersion "1"]
[SourceVersionDate "2024.10.14"]
[SourceQuality "1"]

1. Nf3 Nc6 2. g3 h5 3. Bg2 d5 4. d3 e5 5. Nbd2 h4 6. Nxh4 Rxh4 7. gxh4 Qxh4 8. Bxd5 Bc5 9. Ne4 Bb6 10. c3 Nge7 11. Bc4 Bf5 12. Ng3 Bg6 13. Qa4 0-0-0 14. Be6+ fxe6 15. Qxh4 Nf5 16. Qg5 Nce7 17. Nxf5 Nxf5 18. Qxg6 e4 19. Qxe6+ Kb8 20. Qxf5 exd3 21. exd3 Re8+ 22. Be3 a6 23. Kd2 1-0

[Event "Titled Tuesday intern op 27th Aug Early"]
[White "Zienkiewicz, Jan"]
[Black "Zhizmer, Yuri"]
[Site "Chess.com INT"]
[Round "8"]
[Result "1/2-1/2"]
[Date "2024.08.27"]
[WhiteElo "2302"]
[BlackElo "2298"]
[PlyCount "124"]
[EventDate "2024.08.27"]
[EventType "swiss (blitz)"]
[EventRounds "11"]
[EventCountry "USA"]
[SourceTitle "EXT 2025"]
[Source "ChessBase"]
[SourceDate "2024.10.14"]
[SourceVersion "1"]
[SourceVersionDate "2024.10.14"]
[SourceQuality "1"]

1. Nf3 Nf6 2. g3 b6 3. Bg2 Bb7 4. 0-0 e6 5. d3 Be7 6. e4 0-0 7. Nc3 d5 8. e5 Nfd7 9. Ne2 c5 10. Nf4 Nc6 11. Re1 Qc7 12. Qe2 Rfe8 13. c3 Nf8 14. h4 f6 15. Bh3 Nxe5 16. Nxe5 fxe5 17. Nxe6 Nxe6 18. Bxe6+ Kh8 19. c4 dxc4 20. dxc4 e4 21. Bf4 Bd6 22. Bxd6 Qxd6 23. Bd5 Bxd5 24. Rad1 Re5 25. cxd5 Rxd5 26. Rxd5 Qxd5 27. Qxe4 Qxe4 28. Rxe4 h6 29. Re7 Kh7 30. Rb7 Kg6 31. Kg2 Kf6 32. h5 g6 33. hxg6 Kxg6 34. f4 Rd8 35. Kf3 Rd3+ 36. Kg4 h5+ 37. Kh3 Rd2 38. b4 Rxa2 39. bxc5 bxc5 40. Rc7 Ra5 41. Kh4 Kf5 42. Kxh5 Ke4 43. Re7+ Kd4 44. g4 c4+ 45. g5 c3 46. Kh6 c2 47. Re1 Kd3 48. g6 Ra6 49. f5 Kd2 50. Rg1 Rf6 51. Kg5 Rf8 52. Rg2+ Kd3 53. Rxc2 Kxc2 54. g7 Rg8 55. f6 a5 56. Kg6 a4 57. f7 Rxg7+ 58. Kxg7 a3 59. f8Q a2 60. Qa3 Kb1 61. Qb3+ Ka1 62. Qxa2+ Kxa2 1/2-1/2

[Event "Titled Tuesday intern op 13th Aug Late"]
[White "Zienkiewicz, Jan"]
[Black "Hernandez Jimenez, Alexander Andres"]
[Site "Chess.com INT"]
[Round "5"]
[Result "1-0"]
[Date "2024.08.13"]
[WhiteElo "2302"]
[BlackElo "2026"]
[PlyCount "63"]
[EventDate "2024.08.13"]
[EventType "swiss (blitz)"]
[EventRounds "11"]
[EventCountry "USA"]
[SourceTitle "EXT 2025"]
[Source "ChessBase"]
[SourceDate "2024.10.14"]
[SourceVersion "1"]
[SourceVersionDate "2024.10.14"]
[SourceQuality "1"]

1. e4 c5 2. b4 cxb4 3. a3 bxa3 4. Bxa3 d6 5. Bc4 g6 6. d4 Bg7 7. Nf3 Nc6 8. c3 Nf6 9. Nbd2 0-0 10. Bb3 Bg4 11. h3 Bxf3 12. Qxf3 Rc8 13. 0-0 Na5 14. Ba2 b5 15. Qe2 a6 16. Rac1 d5 17. e5 Ne8 18. f4 Nc7 19. f5 gxf5 20. Rxf5 Ne6 21. Qf3 Nc4 22. Nxc4 bxc4 23. Bb4 Qd7 24. Rf1 a5 25. Ba3 Qa4 26. Bxe7 Qxa2 27. Bxf8 Rxf8 28. Rxf7 Qd2 29. Qxd5 Qh6 30. Rxf8+ Bxf8 31. Rf6 Qe3+ 32. Kh2 1-0

[Event "Titled Tuesday intern op 13th Aug Early"]
[White "Zienkiewicz, Jan"]
[Black "Zhigalko, Sergei"]
[Site "Chess.com INT"]
[Round "1"]
[Result "0-1"]
[Date "2024.08.13"]
[WhiteElo "2302"]
[BlackElo "2572"]
[PlyCount "72"]
[EventDate "2024.08.13"]
[EventType "swiss (blitz)"]
[EventRounds "11"]
[EventCountry "USA"]
[SourceTitle "EXT 2025"]
[Source "ChessBase"]
[SourceDate "2024.10.14"]
[SourceVersion "1"]
[SourceVersionDate "2024.10.14"]
[SourceQuality "1"]

1. Nf3 d5 2. g3 c6 3. Bg2 Bg4 4. 0-0 Nd7 5. d3 e6 6. Nc3 Bd6 7. e4 Ne7 8. h3 Bh5 9. g4 Bg6 10. Nh4 0-0 11. Re1 Re8 12. Qe2 Qc7 13. a3 a5 14. Be3 Rad8 15. Rad1 f6 16. Nxg6 Nxg6 17. d4 Bh2+ 18. Kh1 Bf4 19. Qf3 Ndf8 20. Ne2 Bd6 21. Nc3 Nh4 22. Qe2 Nfg6 23. Qf1 Bf4 24. Ne2 Bxe3 25. fxe3 dxe4 26. Bxe4 f5 27. Bf3 Rf8 28. g5 Qe7 29. Nf4 Qxg5 30. Nxe6 Qg3 31. Bg2 f4 32. exf4 Nxf4 33. Nxd8 Nhxg2 34. Qc4+ Nd5 35. Ne6 Nxe1 36. Nxf8 Qg2# 0-1

[Event "Titled Tuesday intern op 06th Aug Early"]
[White "Ernst, Luca"]
[Black "Zienkiewicz, Jan"]
[Site "Chess.com INT"]
[Round "2"]
[Result "0-1"]
[Date "2024.08.06"]
[WhiteElo "2185"]
[BlackElo "2302"]
[PlyCount "74"]
[EventDate "2024.08.06"]
[EventType "swiss (blitz)"]
[EventRounds "11"]
[EventCountry "USA"]
[SourceTitle "EXT 2025"]
[Source "ChessBase"]
[SourceDate "2024.10.14"]
[SourceVersion "1"]
[SourceVersionDate "2024.10.14"]
[SourceQuality "1"]

1. e4 g6 2. d4 Bg7 3. Be2 c6 4. h4 h5 5. Nf3 d5 6. exd5 cxd5 7. c3 Nc6 8. Bd3 Bg4 9. Bf4 Nf6 10. Nbd2 0-0 11. Qb3 b6 12. Ne5 Nxe5 13. dxe5 Nd7 14. Qxd5 Nxe5 15. Qxd8 Rfxd8 16. Bxe5 Bxe5 17. Be2 Bf5 18. 0-0-0 Rac8 19. g3 Bd6 20. Nc4 Bc5 21. f3 b5 22. g4 hxg4 23. fxg4 Be4 24. Rxd8+ Rxd8 25. Re1 Bf2 26. Rf1 Bxh4 27. Nd2 Bg5 28. Rd1 a6 29. a4 bxa4 30. Bxa6 Bf3 31. Rf1 Bxd2+ 32. Kc2 Be4+ 33. Kd1 Bxc3+ 34. Ke2 Bxb2 35. Bc4 e6 36. g5 a3 37. Ba2 Bd3+ 0-1

[Event "Titled Tuesday intern op 06th Aug Early"]
[White "Ovezdurdiyeva, Jemal"]
[Black "Zienkiewicz, Jan"]
[Site "Chess.com INT"]
[Round "6"]
[Result "1-0"]
[Date "2024.08.06"]
[WhiteElo "2116"]
[BlackElo "2302"]
[PlyCount "119"]
[EventDate "2024.08.06"]
[EventType "swiss (blitz)"]
[EventRounds "11"]
[EventCountry "USA"]
[SourceTitle "EXT 2025"]
[Source "ChessBase"]
[SourceDate "2024.10.14"]
[SourceVersion "1"]
[SourceVersionDate "2024.10.14"]
[SourceQuality "1"]

1. e4 c5 2. Nf3 Nc6 3. c3 e5 4. d4 cxd4 5. cxd4 exd4 6. Nxd4 Bc5 7. Nf5 g6 8. Nd6+ Kf8 9. Nc4 Qe7 10. Nc3 Nf6 11. Bg5 h6 12. Bxf6 Qxf6 13. Qd2 Ne7 14. Bd3 d6 15. 0-0 Be6 16. a3 Rc8 17. Rac1 Kg7 18. Nb5 Rhd8 19. b4 Bxc4 20. Bxc4 Bb6 21. a4 a6 22. Na3 Nc6 23. Bd5 Rc7 24. Nc4 Ba7 25. b5 axb5 26. axb5 Ne5 27. Qa2 Bc5 28. b6 Re7 29. Na5 Rb8 30. h3 g5 31. Qb3 Kh7 32. Qb5 Kg7 33. Nb3 Rc8 34. Nxc5 dxc5 35. Rxc5 Rb8 36. Rc7 h5 37. Rfc1 g4 38. Rxe7 Qxe7 39. Qb2 Qf6 40. Qc3 gxh3 41. Qxh3 Ng4 42. Qf3 Qxf3 43. gxf3 Ne5 44. Kg2 Kf6 45. Rc7 Nd3 46. Bxb7 Rg8+ 47. Kf1 h4 48. Bd5 Ne5 49. f4 Nf3 50. Rxf7+ Kg6 51. f5+ Kg5 52. Rh7 Rb8 53. b7 Kg4 54. f6 h3 55. f7 Ng5 56. Rg7 h2 57. Kg2 Rh8 58. Kh1 Kh3 59. Rxg5 Rh4 60. Rg3# 1-0

[Event "Titled Tuesday intern op 06th Aug Early"]
[White "Zienkiewicz, Jan"]
[Black "Almedina Ortiz, Edgardo J"]
[Site "Chess.com INT"]
[Round "5"]
[Result "1-0"]
[Date "2024.08.06"]
[WhiteElo "2302"]
[BlackElo "2196"]
[PlyCount "157"]
[EventDate "2024.08.06"]
[EventType "swiss (blitz)"]
[EventRounds "11"]
[EventCountry "USA"]
[SourceTitle "EXT 2025"]
[Source "ChessBase"]
[SourceDate "2024.10.14"]
[SourceVersion "1"]
[SourceVersionDate "2024.10.14"]
[SourceQuality "1"]

1. d4 d5 2. Nf3 e6 3. g3 c5 4. Bg2 a6 5. 0-0 b5 6. a4 b4 7. Nbd2 Nf6 8. Re1 Bb7 9. dxc5 Bxc5 10. Nb3 Ba7 11. Bg5 Bxf2+ 12. Kh1 Bxe1 13. Qxe1 Nbd7 14. Qxb4 Qb6 15. Qf4 Ne4 16. Qe3 Qxe3 17. Bxe3 Rc8 18. c3 f6 19. Nfd2 Nxd2 20. Bxd2 Nc5 21. Na5 Ba8 22. Be3 Nb7 23. Nb3 Nd6 24. Nc5 Nc4 25. Bf2 Kf7 26. b3 Nd6 27. Rc1 a5 28. Bh3 Rhe8 29. b4 Ne4 30. Nxe4 dxe4 31. Bg2 axb4 32. c4 Bc6 33. Rb1 Rb8 34. a5 Red8 35. Be3 b3 36. a6 Rb4 37. h4 h6 38. a7 g5 39. Kh2 Kg6 40. Kh3 h5 41. Kh2 g4 42. Kh1 e5 43. Kh2 f5 44. Bg5 Rd7 45. Be3 Rd8 46. Bg5 Ra8 47. Be3 Rxc4 48. Rxb3 Rc2 49. Rb6 Kf7 50. Ra6 Bb7 51. Rb6 Bd5 52. Rd6 Be6 53. Ra6 Rxe2 54. Bc5 Rc2 55. Bb6 Bd5 56. Be3 Rc3 57. Bg1 Rc2 58. Rd6 Bb7 59. Rb6 Bc6 60. Ra6 e3 61. Rxc6 Rxc6 62. Bxc6 Rxa7 63. Bxe3 Ra2+ 64. Kg1 Re2 65. Bd5+ Ke7 66. Bg5+ Kd6 67. Bf7 Rb2 68. Bxh5 Rb3 69. Kg2 Rb2+ 70. Kf1 Rb3 71. Kf2 Rb2+ 72. Ke1 Rg2 73. Bg6 Rxg3 74. Bxf5 Rg2 75. h5 Rh2 76. h6 g3 77. h7 Rh1+ 78. Ke2 g2 79. Be3 1-0

[Event "Titled Tuesday intern op 06th Aug Early"]
[White "Zienkiewicz, Jan"]
[Black "Ferrufino, Boris"]
[Site "Chess.com INT"]
[Round "1"]
[Result "1/2-1/2"]
[Date "2024.08.06"]
[WhiteElo "2302"]
[BlackElo "1922"]
[PlyCount "195"]
[EventDate "2024.08.06"]
[EventType "swiss (blitz)"]
[EventRounds "11"]
[EventCountry "USA"]
[SourceTitle "EXT 2025"]
[Source "ChessBase"]
[SourceDate "2024.10.14"]
[SourceVersion "1"]
[SourceVersionDate "2024.10.14"]
[SourceQuality "1"]

1. e4 c5 2. Nf3 d6 3. Bb5+ Nd7 4. 0-0 a6 5. Bc6 bxc6 6. c3 g6 7. d4 cxd4 8. Qxd4 Ngf6 9. e5 dxe5 10. Nxe5 Nxe5 11. Qxe5 Qd5 12. Qc7 Qd6 13. Qa5 Bg7 14. Nd2 0-0 15. h3 c5 16. Nc4 Qc6 17. Be3 Bb7 18. f3 Qb5 19. Qb6 Qxc4 20. Qxb7 Rab8 21. Qxe7 Rfe8 22. Qxc5 Qxc5 23. Bxc5 Rxb2 24. Rfb1 Ree2 25. Rxb2 Rxb2 26. Rd1 h5 27. a4 h4 28. Rd4 Nh5 29. Rxh4 Bxc3 30. Rc4 Be5 31. Be3 Re2 32. Bc1 Ng3 33. f4 Bf6 34. Rc6 Bd4+ 35. Kh2 Nf1+ 36. Kh1 Ng3+ 37. Kh2 Nf5 38. Rxa6 Nh4 39. Kg3 Nxg2 40. Rd6 Bc3 41. Rd3 Rc2 42. Rd8+ Kh7 43. Ba3 Bf6 44. Rf8 Rc3+ 45. Kxg2 Rxa3 46. Rxf7+ Bg7 47. Ra7 Ra2+ 48. Kf3 Ra3+ 49. Kg4 Kh6 50. a5 Ra4 51. Kf3 Bd4 52. Ra8 Ra3+ 53. Ke4 Bg1 54. a6 Ra4+ 55. Kf3 Bc5 56. Rc8 Bd4 57. Ra8 Ra3+ 58. Ke4 Bg1 59. h4 Kg7 60. Rb8 Rxa6 61. Rb7+ Kh6 62. Rb1 Bc5 63. Rb8 Ra4+ 64. Kf3 Bd6 65. Rh8+ Kg7 66. Rd8 Rxf4+ 67. Ke3 Rf6 68. Rd7+ Kh6 69. Rd8 Be7 70. Rh8+ Kg7 71. Re8 Rf7 72. h5 gxh5 73. Ra8 h4 74. Ra1 Kh6 75. Rh1 Kh5 76. Ke4 Rf2 77. Ke3 Bc5+ 78. Ke4 Kg4 79. Rg1+ Kh3 80. Rh1+ Rh2 81. Rc1 Bf2 82. Kf3 Bg3 83. Rf1 Bc7 84. Rc1 Be5 85. Re1 Bb2 86. Rb1 Bd4 87. Rd1 Rf2+ 88. Ke4 Bb2 89. Ke3 Rg2 90. Kf3 Rg3+ 91. Kf2 Be5 92. Rh1+ Kg4 93. Re1 Bf4 94. Re8 h3 95. Rg8+ Bg5 96. Rxg5+ Kxg5 97. Kxg3 h2 98. Kxh2 1/2-1/2

[Event "Titled Tuesday intern op 30th Jul Late"]
[White "Zienkiewicz, Jan"]
[Black "Ahmad, Khagan"]
[Site "Chess.com INT"]
[Round "3"]
[Result "1/2-1/2"]
[Date "2024.07.30"]
[WhiteElo "2151"]
[BlackElo "2404"]
[PlyCount "240"]
[EventDate "2024.07.30"]
[EventType "swiss (blitz)"]
[EventRounds "11"]
[EventCountry "USA"]
[SourceTitle "EXT 2025"]
[Source "ChessBase"]
[SourceDate "2024.10.14"]
[SourceVersion "1"]
[SourceVersionDate "2024.10.14"]
[SourceQuality "1"]

1. Nf3 d5 2. g3 Nd7 3. Bg2 e5 4. d3 Ngf6 5. 0-0 c6 6. Nc3 Be7 7. e4 0-0 8. exd5 cxd5 9. Re1 Bd6 10. Bg5 d4 11. Nd5 Re8 12. Nd2 h6 13. Bxf6 Nxf6 14. Nxf6+ Qxf6 15. Ne4 Qg6 16. Nxd6 Qxd6 17. Qh5 Bd7 18. Re2 Kh7 19. Qxf7 Bg4 20. Be4+ Kh8 21. f3 Rf8 22. Qxb7 Rab8 23. Qd5 Qxd5 24. Bxd5 Bxf3 25. Bxf3 Rxf3 26. b3 Rc8 27. Kg2 Rf6 28. Rc1 Ra6 29. a4 Rac6 30. Kf3 Rc3 31. Ke4 a5 32. Rf2 R8c5 33. h4 g6 34. g4 Kg7 35. g5 hxg5 36. hxg5 Rxb3 37. cxb3 Rxc1 38. Kxe5 Rc3 39. Kxd4 Rxb3 40. Ra2 Kf7 41. Ke4 Ke6 42. d4 Rg3 43. Kf4 Rd3 44. Re2+ Kd6 45. Ke4 Rg3 46. Kf4 Rd3 47. Re4 Ra3 48. Re8 Rxa4 49. Ke4 Ra1 50. Rg8 Re1+ 51. Kd3 Kd5 52. Rd8+ Kc6 53. Ra8 Ra1 54. Ke4 Re1+ 55. Kf4 Kd5 56. Rd8+ Kc4 57. d5 a4 58. d6 Kc5 59. d7 Kd6 60. Kf3 Ra1 61. Rg8 Kxd7 62. Rxg6 a3 63. Ra6 Ke7 64. g6 Kf8 65. Ra7 Kg8 66. g7 Rh1 67. Kg2 Ra1 68. Kh2 Ra2+ 69. Kg3 Rb2 70. Rxa3 Kxg7 71. Rf3 Kg6 72. Rf4 Kg5 73. Rg4+ Kf5 74. Rf4+ Ke5 75. Rf3 Rb1 76. Re3+ Kd4 77. Rf3 Ke4 78. Rf4+ Ke5 79. Rf3 Rg1+ 80. Kf2 Rg8 81. Re3+ Kf4 82. Rf3+ Ke4 83. Rg3 Rf8+ 84. Ke2 Ra8 85. Rg4+ Kf5 86. Rb4 Ra2+ 87. Kf3 Ra3+ 88. Ke2 Ke5 89. Rh4 Kd5 90. Rg4 Kc5 91. Rh4 Kd5 92. Kd2 Rg3 93. Rh5+ Kd4 94. Rh4+ Kd5 95. Ra4 Rf3 96. Ke2 Rh3 97. Ra5+ Kd4 98. Ra4+ Ke5 99. Kf2 Rh2+ 100. Kg3 Rb2 101. Ra3 Ke4 102. Kg4 Rg2+ 103. Kh3 Rg8 104. Ra4+ Kf3 105. Ra3+ Kf4 106. Ra4+ Kf3 107. Ra3+ Ke2 108. Kh4 Rd8 109. Ra6 Kf3 110. Kg5 Ke4 111. Ra4+ Ke5 112. Ra1 Rg8+ 113. Kh5 Kf5 114. Rf1+ Ke4 115. Kh6 Rg4 116. Rf7 Rf4 117. Re7+ Kf5 118. Rf7+ Ke5 119. Ra7 Kf6 120. Ra6+ Kf5 1/2-1/2

[Event "Aix en Provence Dole op 2nd"]
[White "Zienkiewicz, Jan"]
[Black "Lamard, Guillaume"]
[Site "Aix en Provence"]
[Round "9"]
[Result "0-1"]
[Date "2024.07.28"]
[WhiteElo "2151"]
[BlackElo "2501"]
[PlyCount "138"]
[EventDate "2024.07.20"]
[EventType "swiss"]
[EventRounds "9"]
[EventCountry "FRA"]
[SourceTitle "CBM 221 Extra"]
[Source "ChessBase"]
[SourceDate "2024.09.30"]
[SourceVersion "1"]
[SourceVersionDate "2024.09.30"]
[SourceQuality "1"]

1. e4 c5 2. Nf3 d6 3. d4 cxd4 4. Nxd4 Nf6 5. Nc3 a6 6. h3 e6 7. g4 h6 8. Bg2 Be7 9. b3 Qc7 10. Bb2 Nc6 11. Qd2 Nxd4 12. Qxd4 e5 13. Qd3 0-0 14. 0-0-0 b5 15. Kb1 b4 16. Nd5 Nxd5 17. exd5 a5 18. Bxe5 a4 19. Bb2 axb3 20. axb3 Qa5 21. f4 Ba6 22. Qf3 Rfc8 23. Qe4 Bf6 24. Rd4 Re8 25. Qf5 Bxd4 26. Bxd4 Bc8 27. Qd3 Qa2+ 28. Kc1 Ba6 29. Qf5 Bc8 30. Qd3 Qa6 31. Be4 Qxd3 32. Bxd3 Bb7 33. Bc4 Re4 34. Rd1 Rxf4 35. Kb2 Re4 36. Bb6 Kf8 37. Rf1 f6 38. Rg1 Kf7 39. h4 Bc8 40. g5 hxg5 41. hxg5 fxg5 42. Bd3 Rg4 43. Re1 Rf4 44. Be3 Ba6 45. Ra1 Bb7 46. Rg1 Rf3 47. Bd2 Re8 48. Bxb4 Bxd5 49. Rxg5 Be4 50. Bc4+ Kf6 51. Rg1 d5 52. Be2 Rf2 53. Bc3+ Kf5 54. Bd1 g5 55. Bd4 Rg2 56. Rf1+ Ke6 57. b4 Rc8 58. Bc5 g4 59. Rf4 Rg8 60. b5 Ke5 61. Rf7 Rc8 62. Bb4 Bxc2 63. Bxc2 Rgxc2+ 64. Kb3 R2c7 65. Rf1 Rb7 66. Rg1 Rg8 67. Ka4 Ra8+ 68. Kb3 Rxb5 69. Rxg4 Rab8 0-1

[Event "Titled Tuesday intern op 23rd Jul Late"]
[White "Fernandez Sanchez, Mario Andres"]
[Black "Zienkiewicz, Jan"]
[Site "Chess.com INT"]
[Round "11"]
[Result "0-1"]
[Date "2024.07.23"]
[WhiteElo "2002"]
[BlackElo "2151"]
[PlyCount "106"]
[EventDate "2024.07.23"]
[EventType "swiss (blitz)"]
[EventRounds "11"]
[EventCountry "USA"]
[SourceTitle "EXT 2025"]
[Source "ChessBase"]
[SourceDate "2024.10.14"]
[SourceVersion "1"]
[SourceVersionDate "2024.10.14"]
[SourceQuality "1"]

1. d4 c5 2. d5 d6 3. Nc3 g6 4. e4 Bg7 5. Be2 Bxc3+ 6. bxc3 e5 7. dxe6 Bxe6 8. Nf3 Nf6 9. Qd3 Nc6 10. Bg5 h6 11. Bh4 0-0 12. 0-0 Kg7 13. Rfd1 g5 14. Bg3 d5 15. exd5 Qxd5 16. Qb5 Qf5 17. Qxb7 Rac8 18. Bd3 Qg4 19. Ne5 Nxe5 20. Bxe5 Rfd8 21. h3 Bd5 22. Qxd5 Qxd1+ 23. Rxd1 Rxd5 24. Bxf6+ Kxf6 25. c4 Rd4 26. Rb1 Rc6 27. Rb7 Ra6 28. Rc7 Ra5 29. f3 Rd6 30. Kf2 Rb6 31. g4 Rb2 32. Kg3 Rbxa2 33. h4 Ra1 34. Rc6+ Kg7 35. hxg5 hxg5 36. f4 Rg1+ 37. Kf3 gxf4 38. Kxf4 Rg2 39. g5 Rf2+ 40. Ke5 Rg2 41. Kf5 Rg1 42. Rc7 Rg2 43. Be4 Rf2+ 44. Ke5 Ra1 45. g6 Re1 46. gxf7 Rxf7 47. Rxf7+ Kxf7 48. Kd5 a5 49. Bd3 a4 50. Kxc5 a3 51. Kb4 a2 52. c5 a1Q 53. Bc4+ Ke7 0-1

[Event "Titled Tuesday intern op 23rd Jul Late"]
[White "Hoffmann, Asa"]
[Black "Zienkiewicz, Jan"]
[Site "Chess.com INT"]
[Round "8"]
[Result "1-0"]
[Date "2024.07.23"]
[WhiteElo "2185"]
[BlackElo "2151"]
[PlyCount "113"]
[EventDate "2024.07.23"]
[EventType "swiss (blitz)"]
[EventRounds "11"]
[EventCountry "USA"]
[SourceTitle "EXT 2025"]
[Source "ChessBase"]
[SourceDate "2024.10.14"]
[SourceVersion "1"]
[SourceVersionDate "2024.10.14"]
[SourceQuality "1"]

1. d4 c5 2. dxc5 Na6 3. e4 Nxc5 4. Nc3 d6 5. Be3 Qa5 6. Qd2 Nf6 7. f3 g6 8. a3 Ne6 9. Bc4 Bg7 10. Nge2 0-0 11. Bh6 a6 12. 0-0-0 b5 13. Bb3 Bb7 14. Kb1 Nc5 15. Nd5 Qd8 16. Bxg7 Kxg7 17. Nxf6 Kxf6 18. h4 Nxb3 19. cxb3 h5 20. Qd4+ Ke6 21. Nf4+ Kd7 22. e5 Qc7 23. Rc1 Qa5 24. Rhd1 Rfe8 25. exd6 e5 26. b4 Qd8 27. Qc3 Rc8 28. Qb3 Rxc1+ 29. Kxc1 Qf6 30. Nd5 Rc8+ 31. Kb1 Bxd5 32. Qxd5 Qf5+ 33. Ka1 Kd8 34. Qb7 Qd7 35. Qxa6 Ke8 36. Qb6 Kf8 37. Qe3 f6 38. Qe4 Kg7 39. f4 exf4 40. Qxf4 Kf7 41. Qd4 Rc4 42. Qd5+ Kg7 43. Re1 Kf8 44. Re7 Rc1+ 45. Ka2 Qxe7 46. dxe7+ Kxe7 47. Qxb5 Rg1 48. Qb7+ Kf8 49. Qb6 Rxg2 50. b5 Kg8 51. Qxf6 Kh7 52. b6 Rf2 53. Qxf2 g5 54. Qf5+ Kh6 55. hxg5+ Kg7 56. Qf6+ Kg8 57. g6 1-0

[Event "Titled Tuesday intern op 16th Jul Early"]
[White "Ilkhomi, Jaloliddin"]
[Black "Zienkiewicz, Jan"]
[Site "Chess.com INT"]
[Round "4"]
[Result "1-0"]
[Date "2024.07.16"]
[WhiteElo "2227"]
[BlackElo "2151"]
[PlyCount "89"]
[EventDate "2024.07.16"]
[EventType "swiss (blitz)"]
[EventRounds "11"]
[EventCountry "USA"]
[SourceTitle "EXT 2025"]
[Source "ChessBase"]
[SourceDate "2024.10.14"]
[SourceVersion "1"]
[SourceVersionDate "2024.10.14"]
[SourceQuality "1"]

1. Nf3 Nf6 2. d4 g6 3. c4 Bg7 4. Nc3 c5 5. d5 0-0 6. e4 d6 7. Bd3 e6 8. 0-0 exd5 9. exd5 Re8 10. h3 Na6 11. a3 Nc7 12. Bg5 Rb8 13. Qd2 Bd7 14. Rfe1 b5 15. Rxe8+ Qxe8 16. Re1 Qf8 17. Bxf6 Bxf6 18. Ne4 Be7 19. b3 bxc4 20. Bxc4 Bb5 21. Qc3 Qg7 22. Qxg7+ Kxg7 23. Nxc5 Bf8 24. Ne4 Bxc4 25. bxc4 Rb3 26. Re3 Rb1+ 27. Kh2 h6 28. Nd4 Ra1 29. Rb3 a5 30. Rb7 Ne8 31. Rb8 Nc7 32. Rb7 Ne8 33. Nb5 Rc1 34. Rb8 Nf6 35. Nxf6 Kxf6 36. Rxf8 Rxc4 37. Rxf7+ Ke5 38. Rg7 g5 39. Rg6 Rc5 40. a4 Rxd5 41. Rxh6 Rd2 42. Rxd6 Rxd6 43. Nxd6 Kxd6 44. g3 Kc5 45. h4 1-0